Les Aportres / (Record no. 163253)

MARC details
000 -LEADER
campo de control de longitud fija 00680nam a22002055i 4500
001 - NÚMERO DE CONTROL
campo de control 163253
003 - IDENTIFICADOR DE NÚMERO DE CONTROL
campo de control ES-MaACL
005 - FECHA Y HORA DE LA ÚLTIMA TRANSACCIÓN
campo de control 20250730213800.0
008 - DATOS DE LONGITUD FIJA--INFORMACIÓN GENERAL
campo de control de longitud fija 940615s1866 fr |||| | fre d
040 ## - FUENTE DE CATALOGACIÓN
Centro catalogador/agencia de origen CAM
Lengua de catalogación spa
100 1# - ENTRADA PRINCIPAL--NOMBRE DE PERSONA
Nombre de persona Renan, Ernest,
Fechas asociadas al nombre 1823-1892
9 (RLIN) 96168
245 14 - MENCIÓN DEL TÍTULO
Título Les Aportres /
Mención de responsabilidad, etc. par Ernest Renan.
260 ## - PUBLICACIÓN, DISTRIBUCIÓN, ETC.
Lugar de publicación, distribución, etc. Paris :
Nombre del editor, distribuidor, etc. Michel Lévy Fréres,
Fecha de publicación, distribución, etc. 1866.
300 ## - DESCRIPCIÓN FÍSICA
Extensión LXIV, 388, 32 p. ;
Dimensiones 23 cm.
490 1# - MENCIÓN DE SERIE
Mención de serie Histoire des origines du Christianisme ;
Designación de volumen o secuencia 2
650 #7 - PUNTO DE ACCESO ADICIONAL DE MATERIA--TÉRMINO DE MATERIA
Término de materia o nombre geográfico como elemento de entrada Apóstoles
Fuente del encabezamiento o término embne
9 (RLIN) 135481
830 0# - PUNTO DE ACCESO ADICIONAL DE SERIE-TÍTULO UNIFORME
Título uniforme Histoire des origines du Christianisme ;
Designación de volumen o secuencia 2
9 (RLIN) 188420
852 ## - LOCALIZACIÓN
Ubicación ES-MaACL
Número de control de estantería F-7018
Nota libre -- Enc. pasta española
Holdings
Estatus retirado Estado de pérdida Estado de daño No para préstamo Colección Biblioteca de origen Biblioteca actual Ubicación en estantería Fecha de adquisición Fuente de adquisición Total de préstamos Signatura topográfica completa Código de barras Visto por última vez Precio de reemplazo Tipo de ítem Koha
        Libros del s. XIX Biblioteca del Ateneo de Madrid Biblioteca del Ateneo de Madrid Depósito 2 17/01/2008     F-7018 1171072 23/02/2023 23/02/2023 Libro impreso antiguo